| 000 | 00394nam a2200169Ia 4500 | ||
|---|---|---|---|
| 008 | 221030s9999 xx 000 0 und d | ||
| 020 | _a8174462031 | ||
| 041 | _aEnglish | ||
| 082 | _a105.23 | ||
| 100 | _aP. Diwan | ||
| 245 | 0 |
_aE - Commerce _cby P. Diwan, S. Sharma |
|
| 260 |
_bExcel Books _aNew Delhi _c2009 |
||
| 300 | _a363 | ||
| 650 | _aComputers | ||
| 700 | _aS. Sharma | ||
| 942 | _cBK | ||
| 999 |
_c8898 _d8898 |
||